Jarvis physical examination and health assessment .(2nd Ed.) (Record no. 31867)
[ view plain ]
| 000 -LEADER | |
|---|---|
| fixed length control field | 00807nam a2200181 a 4500 |
| 008 - FIXED-LENGTH DATA ELEMENTS--GENERAL INFORMATION | |
| fixed length control field | 170228s2014 ||||||||||||||||| || u |
| 020 ## - INTERNATIONAL STANDARD BOOK NUMBER | |
| International Standard Book Number | 9781926648729 |
| 050 ## - LIBRARY OF CONGRESS CALL NUMBER | |
| Classification number | RC 76 Jar |
| 100 ## - MAIN ENTRY--PERSONAL NAME | |
| Personal name | Jarvis, Carolyn |
| 245 10 - TITLE STATEMENT | |
| Title | Jarvis physical examination and health assessment .(2nd Ed.) |
| Statement of responsibility, etc. | Written byCarolyn Jarvis and edited by Annette J.Browne,June Macdonald-Jenkins and Marian Luctkar-Flude |
| 250 ## - EDITION STATEMENT | |
| Edition statement | 2nd ed. |
| 260 ## - PUBLICATION, DISTRIBUTION, ETC. | |
| Place of publication, distribution, etc. | Canada: |
| Name of publisher, distributor, etc. | Elsevier |
| Date of publication, distribution, etc. | 2014 |
| 300 ## - PHYSICAL DESCRIPTION | |
| Extent | xvi, 891p.: ill. |
| 350 ## - | |
| -- | 68.19 |
| 650 ## - SUBJECT ADDED ENTRY--TOPICAL TERM | |
| Topical term or geographic name entry element | PHYSICAL DIAGNOSIS--HANDBOOKS, MANUALS, ETC |
| 650 ## - SUBJECT ADDED ENTRY--TOPICAL TERM | |
| Topical term or geographic name entry element | MEDICAL HISTORY TAKING--HANDBOOKS, MANUALS, ETC |
| 995 ## - | |
| -- | MEDICAL LIBRARY OPEN ACCESS |
| -- | 903664 |
| -- | CBU-SCHOOL OF MEDICINE LIBRARY (Ndola) |
| -- | 68.19 |
| -- | RC 76 Jar |
| -- | 1 |
| -- | AVAILABLE |
| -- | Mar 7, 2017 |
| -- | 903664 |
| -- | Medical Library Open Access Collection |
| 999 ## - | |
| -- | 31867 |
| -- | 31867 |
| Withdrawn status | Lost status | Source of classification or shelving scheme | Damaged status | Not for loan | Permanent Location | Current Location | Shelving location | Date acquired | Total Checkouts | Full call number | Barcode | Date last seen | Price effective from | Koha item type |
|---|---|---|---|---|---|---|---|---|---|---|---|---|---|---|
| CBU-SCHOOL OF MEDICINE LIBRARY, NDOLA. | CBU-SCHOOL OF MEDICINE LIBRARY, NDOLA. | 11/30/2022 | RC 76 Jar | 903664 | 11/30/2022 | 11/30/2022 | MONOGRAPH |